| 000 | 00630nam a22002177a 4500 | ||
|---|---|---|---|
| 005 | 20190422163700.0 | ||
| 008 | 190422b xxu||||| |||| 00| 0 eng d | ||
| 020 |
_a9788170336211 _cRs.3995.00 (set) |
||
| 040 | _aLoreto College | ||
| 041 | _aEnglish | ||
| 082 |
_a301 _bFLE |
||
| 100 | _aFletcher,Ronald | ||
| 245 |
_aThe making of sociology _bA study of sociological theory _cRonald Fletcher |
||
| 260 |
_aJaipur _bRawat Publications _c2015 |
||
| 300 |
_axxv,855p _b22cm |
||
| 500 | _aVol.2:Developments | ||
| 504 | _aIncludes bibliographical references and index | ||
| 650 | _aSociology | ||
| 850 | _aLCLIB | ||
| 942 | _cBK | ||
| 999 |
_c42076 _d92555 |
||